[Event "ESP-chT 1st Division 2020"]
[Site "Padron"]
[Date "2020.10.05"]
[Round "3.9"]
[White "Hernandez, Cristian Andres"]
[Black "Narciso Dublan, Marc"]
[Result "0-1"]
[WhiteElo "2320"]
[BlackElo "2477"]
[Annotator "ChessBase"]
[PlyCount "114"]
[EventDate "2020.10.01"]
[EventType "team-tourn"]
[EventCountry "ESP"]
[SourceTitle "playchess.com"]
[Source "ChessBase"]
[SourceQuality "1"]
[TimeControl "5400+30"]

1. d4 {[%emt 0:01:39]} d5 {[%emt 0:00:00]} 2. Nf3 {[%emt 0:00:19]} Nf6 {[%emt 0:00:00]} 3. c4 {[%emt 0:00:35]} c6 {[%emt 0:00:04]} 4. e3 {[%emt 0:00:12]} Bf5 {[%emt 0:00:34]} 5. Nc3 {[%emt 0:00:10]} e6 {[%emt 0:00:29]} 6. Nh4 {[%emt 0:00:43]} Bg6 {[%emt 0:00:24]} 7. Nxg6 {[%emt 0:02:06]} hxg6 {[%emt 0:00:10]} 8. Bd2 {[%emt 0:00:07]} Nbd7 {[%emt 0:00:28]} 9. Qc2 {[%emt 0:00:15]} Be7 {[%emt 0:05:54]} 10. Be2 {[%emt 0:07:46]} Qc7 {[%emt 0:02:47]} 11. g3 {[%emt 0:00:16]} Rd8 {[%emt 0:00:44]} 12. c5 {[%emt 0:19:23]} e5 {[%emt 0:00:50]} 13. f3 {[%emt 0:08:17]} Nf8 {[%emt 0:08:44]} 14. b4 {[%emt 0:03:41]} Ne6 {[%emt 0:01:03]} 15. Qd3 {[%emt 0:00:16]} g5 {[%emt 0:18:03]} 16. O-O {[%emt 0:02:44]} exd4 {[%emt 0:07:03]} 17. exd4 {[%emt 0:00:07]} Kf8 {[%emt 0:08:05]} 18. Rae1 Re8 19. Bd1 {[%emt 0:06:37]} Bd8 {[%emt 0:02:23]} 20. Ne2 Qd7 {[%emt 0:06:32]} 21. Nc1 {[%emt 0:23:10]} g6 {[%emt 0:04:34]} 22. Qc3 {[%emt 0:03:50]} Bc7 {[%emt 0:10:54]} 23. Nd3 {[%emt 0:00:22]} Qd8 {[%emt 0:04:07]} 24. Ne5 {[%emt 0:08:33]} Nd7 {[%emt 0:10:26]} 25. Re2 {[%emt 0:03:32]} Nxe5 26. dxe5 b6 {[%emt 0:04:23]} 27. Ba4 {[%emt 0:03:15]} bxc5 {[%emt 0:03:49]} 28. Bxc6 {[%emt 0:00:40]} Nd4 29. Qxc5+ Kg7 {[%emt 0:00:51]} 30. Ref2 {[%emt 0:03:34]} Bb6 {[%emt 0:00:29]} 31. Qxd5 {[%emt 0:00:20]} Qxd5 {[%emt 0:01:00]} 32. Bxd5 {[%emt 0:00:06]} Rd8 {[%emt 0:00:33]} 33. Bxg5 {[%emt 0:00:59]} Rxd5 {[%emt 0:00:19]} 34. Bf6+ {[%emt 0:00:04]} Kh7 {[%emt 0:00:18]} 35. Bxh8 {[%emt 0:00:04]} Kxh8 {[%emt 0:00:38]} 36. Kh1 {[%emt 0:00:22]} Rxe5 {[%emt 0:00:19]} 37. a4 {[%emt 0:00:52]} Nf5 {[%emt 0:00:46]} 38. Rc2 {[%emt 0:00:55]} Kg7 {[%emt 0:00:25]} 39. Rb1 {[%emt 0:01:52]} Nd4 {[%emt 0:00:40]} 40. Rc3 {[%emt 0:00:34]} a5 {[%emt 0:00:38]} 41. bxa5 {[%emt 0:00:22]} Bxa5 {[%emt 0:00:04]} 42. Rd3 {[%emt 0:00:13]} Nc6 {[%emt 0:00:28]} 43. Rb2 {[%emt 0:01:03]} Re1+ {[%emt 0:00:54]} 44. Kg2 {[%emt 0:00:05]} Ra1 {[%emt 0:00:04]} 45. Rd6 {[%emt 0:00:44]} Ne5 {[%emt 0:00:58]} 46. Rb5 {[%emt 0:01:17]} Ra2+ {[%emt 0:00:24]} 47. Kf1 {[%emt 0:00:57]} Bc7 {[%emt 0:00:17]} 48. Rdd5 {[%emt 0:00:29]} Nxf3 {[%emt 0:00:24]} 49. a5 {[%emt 0:00:29]} Nxh2+ {[%emt 0:00:29]} 50. Ke1 {[%emt 0:00:07]} Bxg3+ {[%emt 0:00:30]} 51. Kd1 {[%emt 0:00:04]} Ng4 {[%emt 0:00:13]} 52. Kc1 {[%emt 0:00:29]} f5 {[%emt 0:00:45]} 53. Kb1 {[%emt 0:00:05]} Ra4 {[%emt 0:00:07]} 54. Kb2 {[%emt 0:00:16]} Nf6 {[%emt 0:00:55]} 55. Kb3 {[%emt 0:00:22]} Ra1 {[%emt 0:00:48]} 56. Rd8 {[%emt 0:00:49]} Be1 {[%emt 0:00:39]} 57. Ra8 {[%emt 0:01:31]} f4 {[%emt 0:00:24]} 0-1

[Event "ESP-chT 1st Division 2020"]
[Site "Padron"]
[Date "2020.10.05"]
[Round "3.10"]
[White "Suarez Garcia, Carlos"]
[Black "Perez Manas, Benjamin"]
[Result "1-0"]
[WhiteElo "2439"]
[BlackElo "2259"]
[Annotator "NA"]
[PlyCount "63"]
[EventDate "2020.10.01"]
[EventType "team-tourn"]
[EventCountry "ESP"]
[SourceTitle "playchess.com"]
[Source "ChessBase"]
[SourceQuality "1"]
[TimeControl "5400+30"]

1. d4 {[%emt 0:00:00]} Nf6 {[%emt 0:00:00]} 2. c4 {[%emt 0:00:20]} e6 {[%emt 0:00:40]} 3. g3 {[%emt 0:00:09]} d5 {[%emt 0:00:43]} 4. Nf3 {[%emt 0:00:14]} dxc4 {[%emt 0:01:12]} 5. Bg2 {[%emt 0:00:09]} Nc6 {[%emt 0:01:04]} 6. O-O {[%emt 0:00:56]} Rb8 {[%emt 0:03:49]} 7. Bg5 {[%emt 0:05:29]} Be7 {[%emt 0:11:29]} 8. e3 {[%emt 0:00:54]} b5 {[%emt 0:11:59]} 9. a4 {[%emt 0:10:55]} b4 {[%emt 0:04:22]} 10. Qe2 {[%emt 0:07:13]} Na5 {[%emt 0:02:46]} 11. Ne5 {[%emt 0:02:10]} O-O {[%emt 0:03:33]} 12. Nxc4 {[%emt 0:05:28]} Ba6 {[%emt 0:01:54]} 13. Nbd2 {[%emt 0:00:14]} Nd5 {[%emt 0:07:47]} 14. Bxe7 {[%emt 0:00:07]} Qxe7 {[%emt 0:00:05]} 15. Be4 {[%emt 0:01:13]} Nxc4 {[%emt 0:04:25]} 16. Nxc4 {[%emt 0:00:09]} c5 {[%emt 0:01:47]} 17. dxc5 {[%emt 0:06:41]} Qxc5 {[%emt 0:01:28]} 18. Bd3 {[%emt 0:02:03]} Nf6 {[%emt 0:11:46]} 19. Rac1 {[%emt 0:10:35]} Rfd8 {[%emt 0:06:01]} 20. Ne5 {[%emt 0:07:26]} Bxd3 {[%emt 0:00:13]} 21. Nxd3 {[%emt 0:00:15]} Qf5 {[%emt 0:01:22]} 22. Rfd1 {[%emt 0:02:16]} h5 {[%emt 0:06:42]} 23. Rc5 {[%emt 0:05:27]} Qe4 {[%emt 0:01:55]} 24. f3 {[%emt 0:01:41]} Qb7 {[%emt 0:02:10]} 25. Ne5 {[%emt 0:11:32]} Rxd1+ {[%emt 0:01:30]} 26. Qxd1 {[%emt 0:00:07]} Qb6 {[%emt 0:00:47]} 27. Qc1 {[%emt 0:02:14]} Rd8 {[%emt 0:03:25]} 28. Rc8 {[%emt 0:01:43]} g6 {[%emt 0:01:08]} 29. Kf2 {[%emt 0:01:35]} Kg7 {[%emt 0:04:09]} 30. Rxd8 {[%emt 0:06:00]} Qxd8 {[%emt 0:00:06]} 31. Ke2 {[%emt 0:00:12]} Qd5 {[%emt 0:00:55]} 32. Qc7 {[%emt 0:00:11]} 1-0

[Event "ESP-chT 1st Division 2020"]
[Site "Padron"]
[Date "2020.10.05"]
[Round "3.11"]
[White "Martinez Ramirez, Erik"]
[Black "Travadon, Loic"]
[Result "0-1"]
[WhiteElo "2231"]
[BlackElo "2424"]
[Annotator "NA"]
[PlyCount "98"]
[EventDate "2020.10.01"]
[EventType "team-tourn"]
[EventCountry "ESP"]
[SourceTitle "playchess.com"]
[Source "ChessBase"]
[SourceQuality "1"]
[TimeControl "5400+30"]

1. e4 {[%emt 0:00:00]} c5 {[%emt 0:00:00]} 2. Nf3 {[%emt 0:00:00]} Nc6 {[%emt 0:00:00]} 3. d4 {[%emt 0:00:00]} cxd4 {[%emt 0:00:00]} 4. Nxd4 {[%emt 0:00:00]} Nf6 {[%emt 0:00:00]} 5. Nc3 {[%emt 0:00:18]} e5 {[%emt 0:00:00]} 6. Ndb5 {[%emt 0:00:47]} d6 {[%emt 0:00:00]} 7. Bg5 {[%emt 0:00:36]} a6 {[%emt 0:00:03]} 8. Na3 {[%emt 0:00:22]} b5 {[%emt 0:00:04]} 9. Bxf6 {[%emt 0:00:19]} gxf6 {[%emt 0:00:27]} 10. Nd5 {[%emt 0:00:05]} f5 {[%emt 0:00:18]} 11. Bd3 {[%emt 0:02:24]} Be6 {[%emt 0:00:06]} 12. O-O {[%emt 0:13:51]} Bxd5 {[%emt 0:00:19]} 13. exd5 {[%emt 0:00:09]} Ne7 {[%emt 0:00:05]} 14. Re1 {[%emt 0:05:40]} Bg7 {[%emt 0:00:17]} 15. c3 {[%emt 0:00:59]} O-O {[%emt 0:00:16]} 16. Nc2 {[%emt 0:02:43]} f4 {[%emt 0:00:24]} 17. a4 {[%emt 0:00:43]} f5 {[%emt 0:00:38]} 18. axb5 {[%emt 0:01:25]} e4 {[%emt 0:00:07]} 19. Bf1 {[%emt 0:00:53]} axb5 {[%emt 0:00:06]} 20. Nb4 {[%emt 0:03:59]} Rxa1 {[%emt 0:01:47]} 21. Qxa1 {[%emt 0:00:09]} Ng6 {[%emt 0:00:28]} 22. g3 {[%emt 0:20:55]} Ne5 {[%emt 0:00:42]} 23. Bg2 {[%emt 0:01:05]} f3 {[%emt 0:00:06]} 24. Bh3 {[%emt 0:02:16]} Qg5 {[%emt 0:01:50]} 25. Nc6 {[%emt 0:03:18]} Nd3 {[%emt 0:01:19]} 26. Re3 {[%emt 0:03:31]} Bh6 {[%emt 0:03:12]} 27. Qa7 {[%emt 0:02:51]} Qh5 {[%emt 0:00:50]} 28. Bxf5 {[%emt 0:02:46]} Rxf5 {[%emt 0:10:22]} 29. Ne7+ {[%emt 0:06:39]} Kh8 {[%emt 0:00:13]} 30. Nxf5 {[%emt 0:01:32]} Qxf5 {[%emt 0:00:10]} 31. Qd4+ {[%emt 0:00:33]} Ne5 {[%emt 0:01:34]} 32. Qxe4 {[%emt 0:00:12]} Qh5 {[%emt 0:01:03]} 33. Rd3 {[%emt 0:02:48]} Bc1 {[%emt 0:13:55]} 34. b3 {[%emt 0:01:38]} Ba3 {[%emt 0:03:52]} 35. h4 {[%emt 0:05:07]} Bc5 {[%emt 0:01:22]} 36. Qf4 {[%emt 0:02:21]} Bxf2+ {[%emt 0:02:13]} 37. Kf1 {[%emt 0:00:01]} Kg7 {[%emt 0:00:18]} 38. Rd4 {[%emt 0:05:44]} Bxd4 {[%emt 0:01:01]} 39. cxd4 {[%emt 0:00:02]} Ng4 {[%emt 0:01:26]} 40. Qxd6 {[%emt 0:00:43]} Qf7 {[%emt 0:00:27]} 41. h5 {[%emt 0:06:26]} h6 {[%emt 0:00:17]} 42. Qe6 {[%emt 0:02:15]} Qxe6 {[%emt 0:00:07]} 43. dxe6 {[%emt 0:00:03]} Kf6 {[%emt 0:00:08]} 44. d5 {[%emt 0:00:05]} b4 {[%emt 0:00:11]} 45. Ke1 {[%emt 0:00:07]} Ke7 {[%emt 0:00:08]} 46. Kf1 {[%emt 0:00:11]} Nf6 {[%emt 0:00:37]} 47. Kf2 {[%emt 0:00:08]} Nxd5 {[%emt 0:00:29]} 48. Kxf3 {[%emt 0:00:16]} Kxe6 {[%emt 0:00:09]} 49. g4 {[%emt 0:01:25]} Ke5 {[%emt 0:00:23]} 0-1

[Event "ESP-chT 1st Division 2020"]
[Site "Padron"]
[Date "2020.10.05"]
[Round "3.12"]
[White "Ambartsumova, Karina"]
[Black "Hernando Rodrigo, Inmaculada"]
[Result "1-0"]
[WhiteElo "2371"]
[BlackElo "1899"]
[Annotator "NA"]
[PlyCount "49"]
[EventDate "2020.10.01"]
[EventType "team-tourn"]
[EventCountry "ESP"]
[SourceTitle "playchess.com"]
[Source "ChessBase"]
[SourceQuality "1"]
[TimeControl "5400+30"]

1. e4 {[%emt 0:00:00]} c5 {[%emt 0:00:00]} 2. Nf3 {[%emt 0:00:29]} Nc6 {[%emt 0:00:00]} 3. d4 {[%emt 0:00:24]} cxd4 {[%emt 0:00:00]} 4. Nxd4 {[%emt 0:00:08]} e5 {[%emt 0:00:00]} 5. Nb5 {[%emt 0:04:09]} d6 {[%emt 0:00:20]} 6. N1c3 {[%emt 0:05:09]} a6 {[%emt 0:01:38]} 7. Na3 {[%emt 0:00:12]} b5 {[%emt 0:00:48]} 8. Nd5 {[%emt 0:00:32]} Nge7 {[%emt 0:02:51]} 9. c4 {[%emt 0:04:27]} Nd4 {[%emt 0:38:05]} 10. cxb5 {[%emt 0:22:50]} Nxd5 {[%emt 0:02:38]} 11. exd5 {[%emt 0:00:15]} Bd7 {[%emt 0:02:05]} 12. Be3 {[%emt 0:17:46]} Nxb5 {[%emt 0:06:56]} 13. Nc4 {[%emt 0:00:28]} Qf6 {[%emt 0:10:41]} 14. Nb6 {[%emt 0:03:06]} Rd8 {[%emt 0:11:57]} 15. a4 {[%emt 0:02:56]} Nd4 {[%emt 0:09:15]} 16. Nxd7 {[%emt 0:05:58]} Rxd7 {[%emt 0:01:46]} 17. Bxa6 {[%emt 0:01:41]} Rc7 {[%emt 0:01:13]} 18. Bxd4 {[%emt 0:03:18]} exd4 {[%emt 0:00:02]} 19. Bb5+ {[%emt 0:00:06]} Kd8 {[%emt 0:00:11]} 20. O-O {[%emt 0:00:15]} d3 {[%emt 0:03:56]} 21. Qxd3 {[%emt 0:03:35]} Qxb2 {[%emt 0:00:39]} 22. Qe3 {[%emt 0:00:11]} Be7 {[%emt 0:01:43]} 23. Rac1 {[%emt 0:01:16]} Bf6 {[%emt 0:01:06]} 24. Rxc7 {[%emt 0:02:17]} Kxc7 {[%emt 0:03:00]} 25. Qa7+ {[%emt 0:00:08]} 1-0

[Event "ESP-chT 1st Division 2020"]
[Site "Padron"]
[Date "2020.10.05"]
[Round "3.13"]
[White "Suarez Gomez, Julio"]
[Black "Espinosa Aranda, Angel"]
[Result "1/2-1/2"]
[WhiteElo "2426"]
[BlackElo "2502"]
[Annotator "ChessBase"]
[PlyCount "60"]
[EventDate "2020.10.01"]
[EventType "team-tourn"]
[EventCountry "ESP"]
[SourceTitle "playchess.com"]
[Source "ChessBase"]
[SourceQuality "1"]
[TimeControl "5400+30"]

1. d4 {[%emt 0:00:00]} Nf6 {[%emt 0:00:00]} 2. Nf3 {[%emt 0:00:00]} e6 {[%emt 0:00:29]} 3. c4 {[%emt 0:00:00]} Bb4+ {[%emt 0:00:41]} 4. Nbd2 {[%emt 0:00:05]} O-O {[%emt 0:04:24]} 5. a3 {[%emt 0:00:22]} Be7 {[%emt 0:02:51]} 6. e4 {[%emt 0:01:07]} d6 {[%emt 0:00:04]} 7. Qc2 {[%emt 0:00:09]} Nfd7 {[%emt 0:00:49]} 8. Nb1 {[%emt 0:05:16]} e5 {[%emt 0:00:29]} 9. Be3 {[%emt 0:04:45]} exd4 {[%emt 0:06:38]} 10. Nxd4 {[%emt 0:00:07]} Ne5 {[%emt 0:02:18]} 11. Be2 {[%emt 0:05:45]} Nbc6 {[%emt 0:03:57]} 12. O-O {[%emt 0:07:13]} Nxd4 {[%emt 0:12:15]} 13. Bxd4 {[%emt 0:00:29]} Nc6 {[%emt 0:00:03]} 14. Be3 {[%emt 0:05:08]} f5 {[%emt 0:02:06]} 15. exf5 {[%emt 0:02:24]} Bxf5 {[%emt 0:00:18]} 16. Qb3 {[%emt 0:00:05]} Bg5 {[%emt 0:14:57]} 17. Qxb7 {[%emt 0:14:44]} Bd7 {[%emt 0:08:30]} 18. Nc3 {[%emt 0:16:23]} Bxe3 {[%emt 0:06:35]} 19. fxe3 {[%emt 0:00:06]} Rxf1+ {[%emt 0:00:28]} 20. Rxf1 {[%emt 0:00:03]} Rb8 {[%emt 0:00:06]} 21. Qa6 {[%emt 0:00:08]} Qe8 {[%emt 0:04:31]} 22. Bf3 {[%emt 0:13:21]} Qxe3+ {[%emt 0:09:22]} 23. Kh1 {[%emt 0:00:05]} Ne5 {[%emt 0:00:19]} 24. Bd5+ {[%emt 0:01:00]} Kh8 {[%emt 0:00:26]} 25. Qb7 {[%emt 0:02:37]} Qb6 {[%emt 0:00:07]} 26. Qxb6 {[%emt 0:00:05]} axb6 {[%emt 0:00:04]} 27. b3 {[%emt 0:00:23]} g6 {[%emt 0:00:30]} 28. Kg1 {[%emt 0:03:37]} Kg7 {[%emt 0:00:26]} 29. h3 {[%emt 0:01:47]} Re8 {[%emt 0:07:14]} 30. a4 {[%emt 0:04:49]} Rb8 {[%emt 0:02:59]} 1/2-1/2

[Event "ESP-chT 1st Division 2020"]
[Site "Padron"]
[Date "2020.10.05"]
[Round "3.14"]
[White "Plazuelo Pascual, Juan"]
[Black "Reinaldo Castineira, Roi"]
[Result "1/2-1/2"]
[WhiteElo "2474"]
[BlackElo "2469"]
[Annotator "ChessBase"]
[PlyCount "57"]
[EventDate "2020.10.01"]
[EventType "team-tourn"]
[EventCountry "ESP"]
[SourceTitle "playchess.com"]
[Source "ChessBase"]
[SourceQuality "1"]
[TimeControl "5400+30"]

1. d4 {[%emt 0:00:00]} e6 {[%emt 0:00:05]} 2. c4 {[%emt 0:00:00]} Nf6 {[%emt 0:00:47]} 3. Nc3 {[%emt 0:00:38]} Bb4 {[%emt 0:00:33]} 4. e3 {[%emt 0:01:39]} d5 {[%emt 0:00:11]} 5. Bd2 {[%emt 0:01:50]} O-O {[%emt 0:02:25]} 6. Nf3 {[%emt 0:00:15]} b6 {[%emt 0:01:50]} 7. cxd5 {[%emt 0:00:14]} exd5 {[%emt 0:00:09]} 8. Bd3 {[%emt 0:00:05]} Re8 {[%emt 0:06:03]} 9. Ne5 {[%emt 0:17:31]} Bf8 {[%emt 0:07:03]} 10. O-O {[%emt 0:02:04]} Ba6 {[%emt 0:11:14]} 11. Bxa6 {[%emt 0:02:56]} Nxa6 {[%emt 0:00:08]} 12. f4 {[%emt 0:10:40]} c5 {[%emt 0:01:30]} 13. Be1 {[%emt 0:04:14]} cxd4 {[%emt 0:18:51]} 14. exd4 {[%emt 0:00:45]} Nc7 {[%emt 0:00:09]} 15. f5 {[%emt 0:14:45]} b5 {[%emt 0:19:07]} 16. Qd3 {[%emt 0:10:36]} b4 {[%emt 0:02:19]} 17. Ne2 {[%emt 0:01:05]} Qb8 {[%emt 0:04:31]} 18. Rc1 {[%emt 0:12:00]} Nb5 {[%emt 0:00:18]} 19. Bg3 {[%emt 0:08:04]} Qb7 {[%emt 0:00:18]} 20. Bh4 {[%emt 0:01:04]} Ne4 {[%emt 0:01:08]} 21. f6 {[%emt 0:01:10]} g6 {[%emt 0:00:07]} 22. Rc2 {[%emt 0:01:48]} Rac8 {[%emt 0:06:46]} 23. Rxc8 {[%emt 0:00:46]} Rxc8 {[%emt 0:00:08]} 24. Bf2 {[%emt 0:01:24]} a6 {[%emt 0:02:41]} 25. Be3 {[%emt 0:00:42]} Qc7 {[%emt 0:01:47]} 26. Rc1 {[%emt 0:00:51]} Qb7 {[%emt 0:00:20]} 27. Rf1 {[%emt 0:00:04]} Qc7 {[%emt 0:00:04]} 28. Rc1 {[%emt 0:00:52]} Qb7 {[%emt 0:00:23]} 29. Rf1 {[%emt 0:00:05]} 1/2-1/2

[Event "ESP-chT 1st Division 2020"]
[Site "Padron"]
[Date "2020.10.05"]
[Round "3.15"]
[White "Laiz Ibanez, Hector"]
[Black "Martinez Martin, David"]
[Result "1/2-1/2"]
[WhiteElo "2318"]
[BlackElo "2389"]
[Annotator "TA"]
[PlyCount "168"]
[EventDate "2020.10.01"]
[EventType "team-tourn"]
[EventCountry "ESP"]
[SourceTitle "playchess.com"]
[Source "ChessBase"]
[SourceQuality "1"]

{[%evp 14,168,24,0,38,36,46,44,52,31,70,78,124,94,90,78,158,110,112,110,122,112,97,105,111,104,114,108,113,106,150,143,170,108,114,108,156,145,173,131,122,105,147,133,102,97,126,129,155,136,154,105,105,105,121,114,166,76,49,73,85,69,132,132,214,214,337,0,0,0,0,0,235,233,235,221,224,202,398,73,89,0,162,147,137,123,142,123,256,61,61,61,61,61,61,60,61,61,61,61,61,61,61,61,61,61,61,61,61,61,61,61,61,61,61,61,61,61,68,68,68,61,61,61,61,61,61,61,61,61,61,61,61,61,61,61,61,61,61,61,61,61,61,61,61,61,61,8,8,8,8,8,8,0,0,0,0]} 1. e4 c5 2. Nf3 d6 3. Bb5+ Bd7 4. c4 e5 5. Bxd7+ Qxd7 6. Nc3 Nc6 7. d3 g6 8. Nd5 Nce7 {B52: Sicilian: Moscow Variation with 3...Bd7.} (8... Bg7 {keeps more tension.} 9. O-O Nge7 10. a3 O-O 11. b4 f5) 9. O-O Nxd5 10. cxd5 Bg7 {White is slightly better.} 11. Rb1 {[#]} a5 $146 ({Predecessor:} 11... Ne7 12. b4 cxb4 13. Rxb4 O-O 14. Qb3 b6 15. a4 Rfc8 16. Ba3 Bh6 17. Rb1 Rc7 {1-0 (40) Biyiasas,P-Rodriguez Cordoba,J Nice 1974}) 12. a4 b5 13. axb5 Qxb5 14. Ra1 Ne7 (14... Nf6 $142) 15. Qa4 Qxa4 16. Rxa4 O-O 17. Nd2 Rfb8 18. Nc4 Nc8 19. Rxa5 Rxa5 20. Nxa5 f5 21. f3 f4 22. Nc4 Rb3 23. Rd1 (23. Bd2 $18) 23... Bf8 $16 24. Kf1 Na7 25. Ke1 g5 26. Kd2 Rb7 27. Kc2 h5 28. Bd2 Nb5 29. Be1 g4 30. Bf2 Rg7 31. Rg1 Be7 32. Kd2 g3 33. hxg3 fxg3 34. Be3 h4 35. f4 (35. Na3 $18 Nd4 36. Bxd4 exd4 37. f4) 35... exf4 36. Bxf4 Rf7 37. Be3 Bf6 (37... Kh7 $14) 38. Rf1 h3 (38... Kg7 $16 39. Ke2 Rf8) 39. gxh3 $18 Bg5 (39... g2 $142 40. Rg1 Rg7) 40. Ke2 $2 (40. Rg1 $18 Bh4 41. Ke2) 40... Bxe3 $1 $11 41. Nxe3 {[%mdl 4096] [#] Endgame Hoping for Rxf7. KRN-KRN} Nd4+ $1 42. Ke1 Rb7 $2 (42... g2 $11 {and Black has nothing to worry.} 43. Nxg2 Nc2+ 44. Ke2 Nd4+ 45. Ke1 Nc2+ 46. Ke2 Nd4+ 47. Ke1) 43. Rf4 $18 Rxb2 {Threatens to win with ...Re2+.} 44. Rg4+ Kf7 {And now ...Re2+ would win.} 45. Rxg3 Kf6 $2 (45... Rb1+ 46. Kf2 Rb2+ 47. Kf1 Rb1+ 48. Kg2 Rb2+ 49. Kh1 Rf2) 46. Rg2 $2 (46. Nc4 $18 {has better winning chances.} Rb1+ 47. Kf2) 46... Rb3 $16 {[#]} 47. Rf2+ ({White should play} 47. h4 $1 $16) 47... Kg5 $2 (47... Ke7 $11) 48. Nc4 Rxd3 49. Nxd6 {Strongly threatening e5.} Rxh3 50. Nf7+ Kg6 (50... Kg4 $16) 51. d6 $2 (51. Ne5+ $18 Kg7 52. d6) 51... Re3+ $14 52. Kf1 Rxe4 53. d7 Ne6 54. d8=Q Nxd8 55. Nxd8 {KRN-KR} Re5 56. Rc2 Kf5 57. Nb7 Ke4 58. Nxc5+ Kd4 59. Nb3+ Kd3 60. Rf2 Kc3 61. Nd2 Kd3 62. Nf3 Ra5 63. Re2 Rf5 64. Kf2 Rf8 65. Rd2+ Kc3 66. Rd5 Kc4 67. Re5 Kd3 68. Re3+ Kc4 69. Ke2 Ra8 70. Re4+ Kd5 71. Re5+ Kd6 72. Rh5 Ra3 73. Ne1 Ke6 74. Nd3 Kd6 75. Ke3 Ke6 76. Rb5 Kd6 77. Kd4 Ra4+ 78. Nb4 Ke6 79. Ke4 Kd6 80. Rd5+ (80. Kf5 $14) 80... Kc7 $11 {The position is equal.} 81. Rd4 {White wants to mate with Nd5+.} Kb6 $1 82. Kd5 Kb5 83. Rh4 Rxb4 84. Rxb4+ Kxb4 {Accuracy: White = 76%, Black = 66%.} 1/2-1/2

[Event "ESP-chT 1st Division 2020"]
[Site "Padron"]
[Date "2020.10.05"]
[Round "3.16"]
[White "Aguilera Lopez, Alejandro"]
[Black "Abal Cores, Lucas"]
[Result "1/2-1/2"]
[WhiteElo "2241"]
[BlackElo "2315"]
[Annotator "NA"]
[PlyCount "101"]
[EventDate "2020.10.01"]
[EventType "team-tourn"]
[EventCountry "ESP"]
[SourceTitle "playchess.com"]
[Source "ChessBase"]
[SourceQuality "1"]
[TimeControl "5400+30"]

1. d4 {[%emt 0:00:00]} f5 {[%emt 0:00:00]} 2. Bg5 {[%emt 0:00:23]} d5 {[%emt 0:01:02]} 3. e3 {[%emt 0:00:26]} Nf6 {[%emt 0:00:07]} 4. Bxf6 {[%emt 0:00:24]} exf6 {[%emt 0:00:04]} 5. c4 {[%emt 0:00:06]} c6 {[%emt 0:03:36]} 6. cxd5 {[%emt 0:00:34]} Qxd5 {[%emt 0:01:45]} 7. Nc3 {[%emt 0:00:29]} Bb4 {[%emt 0:01:42]} 8. Nge2 {[%emt 0:00:51]} Be6 {[%emt 0:09:10]} 9. Nf4 {[%emt 0:01:46]} Qd7 {[%emt 0:05:19]} 10. Bd3 {[%emt 0:01:23]} Bf7 {[%emt 0:09:06]} 11. Qc2 {[%emt 0:04:09]} g6 {[%emt 0:02:18]} 12. h4 {[%emt 0:02:18]} h5 {[%emt 0:03:51]} 13. a3 {[%emt 0:05:10]} Bd6 {[%emt 0:01:49]} 14. Nce2 {[%emt 0:00:33]} Qe7 {[%emt 0:05:12]} 15. O-O {[%emt 0:04:06]} Nd7 {[%emt 0:03:52]} 16. b4 {[%emt 0:02:34]} Kf8 {[%emt 0:06:05]} 17. Rfe1 {[%emt 0:02:44]} Nb6 {[%emt 0:08:37]} 18. e4 {[%emt 0:15:59]} fxe4 {[%emt 0:03:49]} 19. Bxe4 {[%emt 0:00:09]} f5 {[%emt 0:02:52]} 20. Bf3 {[%emt 0:13:23]} Qxh4 {[%emt 0:01:17]} 21. g3 {[%emt 0:03:01]} Qf6 {[%emt 0:00:56]} 22. b5 {[%emt 0:07:31]} g5 {[%emt 0:03:40]} 23. Nd3 {[%emt 0:01:25]} h4 {[%emt 0:04:30]} 24. bxc6 {[%emt 0:01:54]} bxc6 {[%emt 0:00:34]} 25. Ne5 {[%emt 0:01:15]} Be8 {[%emt 0:05:10]} 26. Nc3 {[%emt 0:02:14]} hxg3 {[%emt 0:03:17]} 27. fxg3 {[%emt 0:00:10]} Rd8 {[%emt 0:01:01]} 28. Bg2 {[%emt 0:05:31]} Kg7 {[%emt 0:08:04]} 29. Na4 {[%emt 0:06:56]} f4 {[%emt 0:03:10]} 30. Nc5 {[%emt 0:05:45]} Nd5 {[%emt 0:01:15]} 31. Bxd5 {[%emt 0:03:34]} cxd5 {[%emt 0:00:01]} 32. Rab1 {[%emt 0:01:19]} fxg3 {[%emt 0:01:03]} 33. Rb7+ {[%emt 0:00:34]} Kg8 {[%emt 0:00:01]} 34. Qg2 {[%emt 0:01:45]} Bxc5 {[%emt 0:00:56]} 35. dxc5 {[%emt 0:00:19]} Qf4 {[%emt 0:00:14]} 36. Nf3 {[%emt 0:00:57]} g4 {[%emt 0:01:54]} 37. Qb2 {[%emt 0:02:38]} Qh6 {[%emt 0:00:31]} 38. Nh4 {[%emt 0:00:24]} Rh7 {[%emt 0:00:25]} 39. Rxh7 {[%emt 0:00:15]} Qxh7 {[%emt 0:00:08]} 40. Qf6 {[%emt 0:00:18]} Qc2 {[%emt 0:01:02]} 41. Qg5+ {[%emt 0:00:53]} Kh8 {[%emt 0:00:02]} 42. Ng6+ {[%emt 0:01:23]} Bxg6 {[%emt 0:00:48]} 43. Qxd8+ {[%emt 0:00:04]} Kg7 {[%emt 0:00:14]} 44. Qe7+ {[%emt 0:00:52]} Kg8 {[%emt 0:00:39]} 45. Qe6+ {[%emt 0:00:31]} Kh7 {[%emt 0:00:26]} 46. Qe7+ {[%emt 0:00:27]} Kg8 {[%emt 0:00:07]} 47. Qd8+ {[%emt 0:00:12]} Kg7 {[%emt 0:00:06]} 48. Qc7+ {[%emt 0:00:17]} Kg8 {[%emt 0:00:25]} 49. Qb8+ {[%emt 0:00:23]} Kg7 {[%emt 0:01:05]} 50. Qe5+ {[%emt 0:01:06]} Kh7 {[%emt 0:00:23]} 51. Qe7+ {[%emt 0:01:06]} 1/2-1/2